Logo BPK

Biblioteka

Politechniki Koszalińskiej

Geofiziceskoje instrumentovedenije / (Rekord nr 9164)

Szczegóły MARC
000 -ETYKIETA REKORDU
podpole kontrolne o stałej długości 00404nam a2200157 i 4500
001 - NUMER KONTROLNY REKORDU
pole kontrolne bg
040 ## - ŹRÓDŁO KATALOGOWANIA
Instytucja, która utworzyła rekord BPK
041 ## - KOD JĘZYKA
Kod języka tekstu pol
008 - POLE O STAŁEJ DŁUGOŚCI - DANE KONTROLNE
podpole kontrolne o stałej długości s pl f |000 0 pol
100 1# - NAZWA OSOBOWA
Nazwa osobowa LITWINOW, B. A.
245 #0 - TYTUŁ/ODPOWIEDZIALNOŚĆ
Tytuł Geofiziceskoje instrumentovedenije /
Pozostałe elementy strefy tytułu i oznaczenia odpowiedzialności B.A. Woronkow, W.M. Lobacew, W.W. Woronkow.
260 ## - STREFA ADRESU WYDAWNICZEGO
Miejsce wydania Moskwa,
Data publikacji, dystrybucji/powstania dokumentu 1971.
700 1# - HASŁO DODATKOWE - NAZWA OSOBOWA
Nazwa osobowa LOBACEV, W. M.
700 1# - HASŁO DODATKOWE - NAZWA OSOBOWA
Nazwa osobowa WORONKOW, W. W.
856 ## - LOKALIZACJA I DOSTĘP DO ELEKTRONICZNYCH DOKUMENTÓW ZDALNYCH
Link (URL) http://koha.tu.koszalin.pl/cgi-bin/koha/opac-detail.pl?biblionumber=9164
Tekst linku Katalog online BPK
942 ## - DODATKOWE ELEMENTY (KOHA)
Typ dokumentu Książka
Egzemplarze
Wycofany Status egzemplarza Uszkodzony Dostępność Lokalizacja stała Lokalizacja bieżąca Miejsce przechowywania Sygnatura Kod kreskowy Typ dokumentu
      Dostępny Biblioteka Politechniki Koszalińskiej Biblioteka Politechniki Koszalińskiej Wypożyczalnia BG 13341 01745863 Książka
© 2023 Biblioteka Politechniki Koszalińskiej :: KOHA